[Event "Titled Tuesday intern op 05th Sep Early"]
[Site "Chess.com INT"]
[Date "2023.09.05"]
[Round "1"]
[White "Guha, Eshan"]
[Black "Khripachenko, Alexander"]
[Result "0-1"]
[WhiteElo "2077"]
[BlackElo "2259"]
[PlyCount "54"]
[EventDate "2023.09.05"]
[EventType "swiss (blitz)"]
[EventRounds "11"]
[EventCountry "USA"]
[SourceTitle "EXT 2024"]
[Source "ChessBase"]
[SourceDate "2023.10.10"]
[SourceVersion "1"]
[SourceVersionDate "2023.10.10"]
[SourceQuality "1"]

1. d4 d5 2. c4 e6 3. Nf3 Nf6 4. g3 dxc4 5. Bg2 a6 6. Ne5 Bb4+ 7. Nc3 Nd5 8. 0-0 0-0 9. Qc2 b5 10. a4 Bxc3 11. bxc3 Bb7 12. Ba3 Re8 13. Rfb1 Bc6 14. Nxc6 Nxc6 15. e4 Nb6 16. axb5 axb5 17. Rxb5 Qd7 18. Rbb1 e5 19. d5 Na5 20. Bb4 Nb3 21. Rxa8 Rxa8 22. Bf1 c5 23. dxc6 Qxc6 24. Bxc4 Nxc4 25. Rxb3 h6 26. Kg2 f5 27. f3 Ne3+ 0-1

[Event "Titled Tuesday intern op 20th Jun Early"]
[Site "Chess.com INT"]
[Date "2023.06.20"]
[Round "3"]
[White "Guha, Eshan"]
[Black "Starozhilov, Leonid"]
[Result "0-1"]
[WhiteElo "1991"]
[BlackElo "2294"]
[PlyCount "80"]
[EventDate "2023.06.20"]
[EventType "swiss (blitz)"]
[EventRounds "11"]
[EventCountry "USA"]
[SourceTitle "EXT 2024"]
[Source "ChessBase"]
[SourceDate "2023.10.10"]
[SourceVersion "1"]
[SourceVersionDate "2023.10.10"]
[SourceQuality "1"]

1. d4 Nf6 2. c4 g6 3. g3 Bg7 4. Bg2 0-0 5. Nc3 d6 6. Nf3 c6 7. 0-0 Bf5 8. Ng5 h6 9. e4 Bg4 10. f3 hxg5 11. fxg4 Nh7 12. Be3 Nd7 13. Qd2 c5 14. dxc5 Nxc5 15. Rac1 Rc8 16. b3 a6 17. Kh1 e6 18. Rfd1 Be5 19. Bd4 Qa5 20. Rb1 Qc7 21. Qe3 Rfd8 22. h4 Nd7 23. Ne2 Bxd4 24. Nxd4 Ne5 25. Bf3 Qe7 26. h5 Kg7 27. Kg2 Nf6 28. Qxg5 Ng8 29. Qe3 g5 30. Be2 Nh6 31. Rf1 Rc5 32. b4 Rc7 33. Rbc1 Rdc8 34. c5 dxc5 35. Nf3 Nhxg4 36. Qxg5+ Qxg5 37. Nxg5 Ne3+ 38. Kg1 Nxf1 39. Rxf1 cxb4 40. Nh3 Rc1 0-1

[Event "Titled Tuesday intern op 27th Dec Early"]
[Site "Chess.com INT"]
[Date "2022.12.27"]
[Round "11"]
[White "Guha, Eshan"]
[Black "Gatterer, Florian"]
[Result "1-0"]
[WhiteElo "2071"]
[BlackElo "2175"]
[PlyCount "81"]
[EventDate "2022.12.27"]
[EventType "swiss (blitz)"]
[EventRounds "11"]
[EventCountry "USA"]
[SourceTitle "EXT 2024"]
[Source "ChessBase"]
[SourceDate "2023.10.10"]
[SourceVersion "1"]
[SourceVersionDate "2023.10.10"]
[SourceQuality "1"]

1. d4 Nf6 2. c4 e6 3. g3 d5 4. Bg2 dxc4 5. Nf3 Bb4+ 6. Bd2 a5 7. 0-0 0-0 8. Qc2 b5 9. a4 Bxd2 10. Nbxd2 b4 11. Nxc4 Bb7 12. Rfd1 Be4 13. Qb3 Qd5 14. Rac1 Nbd7 15. Ncd2 Qxb3 16. Nxb3 Bd5 17. Nc5 Nxc5 18. Rxc5 Bb3 19. Ra1 Rfd8 20. e3 Ra7 21. Nd2 Bd5 22. Rac1 Bxg2 23. Kxg2 Ne8 24. Nc4 Rda8 25. Ne5 Kf8 26. b3 f6 27. Nd3 Ke7 28. Rc6 Ra6 29. Nf4 Rxc6 30. Rxc6 Kd7 31. Rc5 Nd6 32. Nd3 Ne4 33. Rc4 Ra6 34. f3 Nd2 35. Nc5+ Ke7 36. Rc2 Nxb3 37. Nxa6 Kd6 38. Nxc7 Nxd4 39. exd4 b3 40. Nb5+ Kd5 41. Rc5# 1-0

[Event "Titled Tuesday intern op 27th Dec Early"]
[Site "Chess.com INT"]
[Date "2022.12.27"]
[Round "8"]
[White "Marin Ramirez, Gerardo"]
[Black "Guha, Eshan"]
[Result "0-1"]
[WhiteElo "2127"]
[BlackElo "2071"]
[PlyCount "66"]
[EventDate "2022.12.27"]
[EventType "swiss (blitz)"]
[EventRounds "11"]
[EventCountry "USA"]
[SourceTitle "EXT 2024"]
[Source "ChessBase"]
[SourceDate "2023.10.10"]
[SourceVersion "1"]
[SourceVersionDate "2023.10.10"]
[SourceQuality "1"]

1. d4 Nf6 2. Nf3 e6 3. g3 d5 4. Bg2 Be7 5. c4 0-0 6. Nc3 dxc4 7. Qa4 Bd7 8. Qxc4 Bc6 9. 0-0 Nbd7 10. Rd1 Ne4 11. Qd3 Ndf6 12. Ne5 Nxc3 13. Nxc6 Nxe2+ 14. Qxe2 bxc6 15. Bxc6 Rb8 16. Bg2 Nd5 17. h4 Bf6 18. Qc2 Qd6 19. a3 Rfc8 20. b4 a5 21. bxa5 c5 22. Bb2 cxd4 23. Qd2 e5 24. Rac1 Rc5 25. Rxc5 Qxc5 26. Rc1 Qb5 27. Ba1 h6 28. Qc2 Ne7 29. Qc7 Rc8 30. Qxc8+ Nxc8 31. Rxc8+ Kh7 32. Be4+ g6 33. Ra8 d3 0-1

[Event "Titled Tuesday intern op 27th Dec Early"]
[Site "Chess.com INT"]
[Date "2022.12.27"]
[Round "2"]
[White "Sai, Krishna GV"]
[Black "Guha, Eshan"]
[Result "1-0"]
[WhiteElo "2379"]
[BlackElo "2071"]
[PlyCount "77"]
[EventDate "2022.12.27"]
[EventType "swiss (blitz)"]
[EventRounds "11"]
[EventCountry "USA"]
[SourceTitle "EXT 2024"]
[Source "ChessBase"]
[SourceDate "2023.10.10"]
[SourceVersion "1"]
[SourceVersionDate "2023.10.10"]
[SourceQuality "1"]

1. e4 c5 2. Nf3 d6 3. b3 Nf6 4. Qe2 g6 5. Bb2 Bg7 6. g3 0-0 7. Bg2 Nc6 8. 0-0 Bg4 9. d3 Nd7 10. Bxg7 Kxg7 11. Qe3 Bxf3 12. Bxf3 Nd4 13. Bd1 b5 14. c3 Nc6 15. f4 e5 16. f5 f6 17. g4 g5 18. h4 h6 19. Nd2 Qe7 20. Nf3 b4 21. cxb4 Nxb4 22. Kf2 Rh8 23. Rh1 Nc6 24. Be2 Nd4 25. Rag1 Nxf3 26. Bxf3 Nb8 27. Rh3 Nc6 28. Rgh1 Nd4 29. Bd1 a5 30. Qc1 Qf7 31. Qa3 Qb7 32. R1h2 Qb4 33. Qc1 Qb5 34. Be2 a4 35. hxg5 hxg5 36. Qh1 Rhg8 37. Rh7+ Kf8 38. R2h6 axb3 39. Qh5 1-0

[Event "Titled Tuesday intern op 08th Nov Late"]
[Site "Chess.com INT"]
[Date "2022.11.08"]
[Round "9"]
[White "Guha, Eshan"]
[Black "Ashiku, Franc"]
[Result "0-1"]
[WhiteElo "2055"]
[BlackElo "2388"]
[PlyCount "252"]
[EventDate "2022.11.08"]
[EventType "swiss (blitz)"]
[EventRounds "11"]
[EventCountry "USA"]
[SourceTitle "EXT 2024"]
[Source "ChessBase"]
[SourceDate "2023.10.10"]
[SourceVersion "1"]
[SourceVersionDate "2023.10.10"]
[SourceQuality "1"]

1. d4 Nf6 2. c4 e6 3. g3 d5 4. Bg2 dxc4 5. Nf3 Bb4+ 6. Nc3 0-0 7. 0-0 c6 8. Ne5 b5 9. Nxb5 Nd5 10. Na3 Ba6 11. Naxc4 f6 12. Nd3 Bxc4 13. Bxd5 cxd5 14. Nxb4 a5 15. Nd3 Nc6 16. b3 Ba6 17. Nc5 Bc8 18. Ba3 Re8 19. Rc1 Qb6 20. e3 Rd8 21. Qd2 e5 22. Bb2 e4 23. f3 exf3 24. Rxf3 Nb4 25. a3 Na6 26. Nd3 Qxb3 27. Bc3 Bg4 28. Rf4 Bh3 29. Bxa5 Rdc8 30. Nf2 Be6 31. Ra1 Rc2 32. Qe1 Nb8 33. Bd2 Nc6 34. Nd1 Rxa3 35. Rxa3 Qxa3 36. Nc3 Nb4 37. Nb5 Qa4 38. Bxb4 Qxb5 39. Bd2 Qd3 40. Rf2 Bh3 41. Ba5 Rxf2 42. Kxf2 Qf5+ 43. Kg1 Qf3 44. Qf2 Qd1+ 45. Qe1 Qd3 46. Qd2 Qb1+ 47. Qe1 Qe4 48. Qd2 h5 49. Qf2 Kf7 50. Bd2 g5 51. Qe2 Qb1+ 52. Qe1 Qd3 53. Qd1 Bg4 54. Qe1 Qe4 55. Qf2 Bf3 56. Qe1 Qf5 57. Qf2 Qg4 58. Qe1 Be4 59. Qf2 h4 60. Kf1 h3 61. Ke1 Bc2 62. Qe2 Qf5 63. Qf2 Qd3 64. Qe2 Qg6 65. Qf2 Be4 66. Qe2 Ke6 67. Qf2 Qe8 68. Qf1 Qa4 69. Qxh3+ Bf5 70. Qf1 Qa1+ 71. Kf2 Be4 72. Qh3+ Bf5 73. Qh8 Qb2 74. Qc8+ Kf7 75. Qxf5 Qxd2+ 76. Kf3 Qd1+ 77. Kg2 Qe2+ 78. Qf2 Qd3 79. Qf3 Qc2+ 80. Kh3 Ke6 81. Qg4+ Kd6 82. Qf3 Qh7+ 83. Kg2 Qc2+ 84. Kh3 Qh7+ 85. Kg2 Qg6 86. Qf2 g4 87. Qf4+ Kc6 88. h3 Qc2+ 89. Kg1 gxh3 90. Qxf6+ Kb5 91. Qf2 Qd1+ 92. Kh2 Qg4 93. Qf1+ Kb4 94. Qxh3 Qe2+ 95. Qg2 Qxe3 96. Qg1 Qe2+ 97. Qg2 Qh5+ 98. Kg1 Kc4 99. g4 Qg5 100. Qf2 Qxg4+ 101. Kf1 Qd1+ 102. Kg2 Qxd4 103. Qc2+ Qc3 104. Qe2+ Qd3 105. Qa2+ Kd4 106. Qa7+ Ke4 107. Qh7+ Ke3 108. Qh6+ Ke2 109. Qh5+ Kd2 110. Qg5+ Kc2 111. Qf6 Qe4+ 112. Kf2 d4 113. Qf8 Qe3+ 114. Kf1 d3 115. Qc8+ Kd1 116. Qc6 Qe2+ 117. Kg1 Qe1+ 118. Kg2 Qd2+ 119. Kf3 Qe2+ 120. Kf4 d2 121. Qa4+ Ke1 122. Qd4 Qf2+ 123. Ke4 Qxd4+ 124. Kxd4 d1Q+ 125. Ke3 Qd2+ 126. Ke4 Ke2 0-1

[Event "Titled Tuesday intern op 08th Nov Late"]
[Site "Chess.com INT"]
[Date "2022.11.08"]
[Round "10"]
[White "Krishnan, Varun"]
[Black "Guha, Eshan"]
[Result "1-0"]
[WhiteElo "2373"]
[BlackElo "2055"]
[PlyCount "57"]
[EventDate "2022.11.08"]
[EventType "swiss (blitz)"]
[EventRounds "11"]
[EventCountry "USA"]
[SourceTitle "EXT 2024"]
[Source "ChessBase"]
[SourceDate "2023.10.10"]
[SourceVersion "1"]
[SourceVersionDate "2023.10.10"]
[SourceQuality "1"]

1. d4 Nf6 2. c4 c5 3. Nf3 cxd4 4. Nxd4 e5 5. Nb5 d5 6. cxd5 Bb4+ 7. Bd2 Bc5 8. e4 Nxe4 9. Qa4 Bxf2+ 10. Kd1 Nc5 11. Qa3 0-0 12. d6 Bg4+ 13. Be2 Bxe2+ 14. Kxe2 Qh4 15. Nc7 Qe4+ 16. Kxf2 Nd3+ 17. Kf1 Qd4 18. Ke2 Qe4+ 19. Kf1 Qd4 20. Ke2 Qe4+ 21. Kd1 Nf2+ 22. Kc1 Nxh1 23. Nxa8 Na6 24. Nc7 Rc8 25. Nc3 Qxg2 26. d7 Rd8 27. Qe7 Qf1+ 28. Nd1 Qf5 29. Qxd8# 1-0

[Event "Titled Tuesday intern op 08th Nov Late"]
[Site "Chess.com INT"]
[Date "2022.11.08"]
[Round "6"]
[White "Martic, Ivan"]
[Black "Guha, Eshan"]
[Result "1-0"]
[WhiteElo "2270"]
[BlackElo "2055"]
[PlyCount "91"]
[EventDate "2022.11.08"]
[EventType "swiss (blitz)"]
[EventRounds "11"]
[EventCountry "USA"]
[SourceTitle "EXT 2024"]
[Source "ChessBase"]
[SourceDate "2023.10.10"]
[SourceVersion "1"]
[SourceVersionDate "2023.10.10"]
[SourceQuality "1"]

1. Nf3 Nf6 2. g3 g6 3. Bg2 Bg7 4. 0-0 0-0 5. d3 d5 6. Nc3 c5 7. e4 d4 8. Ne2 Nc6 9. Nd2 e5 10. h3 Be6 11. a4 Ne8 12. f4 Nd6 13. b3 Qd7 14. Kh2 f6 15. Nf3 b6 16. fxe5 Nxe5 17. Nf4 Ndf7 18. Nxe6 Qxe6 19. Bf4 Nxf3+ 20. Bxf3 Ne5 21. Bg4 Nxg4+ 22. Qxg4 Qxg4 23. hxg4 Rae8 24. a5 g5 25. Bd2 b5 26. a6 Re6 27. Rf5 Re5 28. Raf1 Rfe8 29. Ba5 R8e6 30. Bc7 Rxf5 31. Rxf5 Rc6 32. Bb8 Rxa6 33. Rxc5 Bf8 34. Rc8 Kg7 35. Rc7+ Kg6 36. Rxa7 Rc6 37. Rc7 Rxc7 38. Bxc7 Bb4 39. Kg2 Bc3 40. Kf3 Kf7 41. e5 fxe5 42. Bxe5 Ke6 43. Ke4 Be1 44. Kxd4 b4 45. Ke4 Bd2 46. d4 1-0

[Event "Titled Tuesday intern op 08th Nov Late"]
[Site "Chess.com INT"]
[Date "2022.11.08"]
[Round "7"]
[White "Salman, Pavel"]
[Black "Guha, Eshan"]
[Result "0-1"]
[WhiteElo "2287"]
[BlackElo "2055"]
[PlyCount "82"]
[EventDate "2022.11.08"]
[EventType "swiss (blitz)"]
[EventRounds "11"]
[EventCountry "USA"]
[SourceTitle "EXT 2024"]
[Source "ChessBase"]
[SourceDate "2023.10.10"]
[SourceVersion "1"]
[SourceVersionDate "2023.10.10"]
[SourceQuality "1"]

1. d4 Nf6 2. Nc3 d5 3. Bf4 a6 4. e3 e6 5. Bd3 c5 6. Nf3 Nc6 7. 0-0 c4 8. Be2 Bd6 9. Ne5 Bxe5 10. Bxe5 Nxe5 11. dxe5 Nd7 12. f4 b5 13. Kh1 Bb7 14. a3 Qb6 15. Qd4 0-0 16. Bf3 Bc6 17. Rad1 a5 18. Qxb6 Nxb6 19. e4 b4 20. Nb1 dxe4 21. Be2 Bd5 22. Rd4 Rfc8 23. f5 Nd7 24. fxe6 fxe6 25. Nd2 Nxe5 26. h3 e3 27. Nf3 Nc6 28. Rxc4 Bxc4 29. Bxc4 Nd4 30. b3 Rxc4 31. bxc4 Nxc2 32. Rc1 b3 33. Rb1 a4 34. Kg1 Rc8 35. Kf1 Rxc4 36. Ke2 Nd4+ 37. Kd3 Nxf3 38. Kxc4 Nd2+ 39. Kd3 Nxb1 40. Kxe3 Nxa3 41. Kd3 b2 0-1

[Event "Titled Tuesday intern op 23rd Aug Late"]
[Site "Chess.com INT"]
[Date "2022.08.23"]
[Round "9"]
[White "Guha, Eshan"]
[Black "Ladan, Nicholas John"]
[Result "0-1"]
[WhiteElo "2042"]
[BlackElo "2149"]
[PlyCount "100"]
[EventDate "2022.08.23"]
[EventType "swiss (blitz)"]
[EventRounds "11"]
[EventCountry "USA"]
[SourceTitle "EXT 2023"]
[Source "ChessBase"]
[SourceDate "2022.10.05"]
[SourceVersion "1"]
[SourceVersionDate "2022.10.05"]
[SourceQuality "1"]

1. d4 c5 2. d5 b5 3. e4 a6 4. a4 b4 5. Be3 e5 6. Nd2 d6 7. Nc4 Nf6 8. f3 Be7 9. Bd3 0-0 10. a5 Bd7 11. Ne2 Bb5 12. Nb6 Ra7 13. c4 Be8 14. b3 Nbd7 15. Nxd7 Bxd7 16. g4 Ne8 17. Qd2 Bh4+ 18. Kd1 g6 19. Kc2 Ng7 20. g5 Nh5 21. f4 f6 22. Rhg1 exf4 23. Nxf4 Nxf4 24. Bxf4 fxg5 25. Bxg5 Bxg5 26. Rxg5 Be8 27. Rag1 Qxa5 28. Kb1 Raf7 29. R5g2 Rf3 30. Qc2 Qc7 31. e5 Kh8 32. e6 Qg7 33. h4 Qd4 34. Rd1 Rf2 35. Rd2 Rf1+ 36. Rd1 Rxd1+ 37. Qxd1 Qxh4 38. Qg1 Qf6 39. Be4 a5 40. Rg3 Qe5 41. Bc2 Rf4 42. Re3 Qd4 43. Qe1 a4 44. bxa4 Qf6 45. e7 Rf1 46. a5 Rxe1+ 47. Rxe1 Qc3 48. Rc1 b3 49. Bxg6 Qxa5 50. Bxe8 Qa2# 0-1

[Event "Vancouver op"]
[Site "Chess.com INT"]
[Date "2020.07.25"]
[Round "?"]
[White "Yang, Maxwell"]
[Black "Guha, Eshan"]
[Result "0-1"]
[WhiteElo "1682"]
[BlackElo "2129"]
[PlyCount "106"]
[EventDate "2020.07.25"]
[EventType "swiss"]
[EventRounds "5"]
[EventCountry "USA"]
[SourceTitle "EXT 2023"]
[Source "ChessBase"]
[SourceDate "2022.10.05"]
[SourceVersion "1"]
[SourceVersionDate "2022.10.05"]
[SourceQuality "1"]

1. e4 c5 2. Nf3 d6 3. d4 cxd4 4. Nxd4 Nf6 5. Nc3 a6 6. Be3 e6 7. f3 b5 8. a3 Bb7 9. Qd2 Nbd7 10. g4 h6 11. h4 d5 12. Rg1 e5 13. g5 exd4 14. Bxd4 Nh5 15. Nxd5 Bxd5 16. exd5 Bd6 17. Qe3+ Qe7 18. Qxe7+ Bxe7 19. gxh6 Bxh4+ 20. Kd2 Rxh6 21. Bxg7 Rd6 22. Re1+ Bxe1+ 23. Kxe1 Nxg7 24. Rxg7 Rxd5 25. f4 Rd6 26. Rg8+ Nf8 27. c4 bxc4 28. Bxc4 Rd4 29. Bb3 Rxf4 30. Ke2 Rb8 31. Rg3 Re4+ 32. Kd2 Ng6 33. Rf3 Ne5 34. Rh3 Ke7 35. Rc3 Rd8+ 36. Kc2 Re2+ 37. Kb1 Re1+ 38. Ka2 Nd3 39. Rc7+ Kd6 40. Rxf7 Nc1+ 41. Kb1 Nxb3+ 42. Kc2 Nd4+ 43. Kd2 Re7 44. Rf6+ Re6 45. Rf4 Ke5 46. Rf1 Rc6 47. Re1+ Kd5 48. Rd1 Rc2+ 49. Ke3 Re8+ 50. Kd3 Rxb2 51. Kc3 Rb3+ 52. Kd2 Re2+ 53. Kc1 Rc2# 0-1